Open Data Biblioteca Nacional de Portugal


República Portuguesa: Ministério da Cultura
Biblioteca Nacional de Portugal

Catálogo da BNP: acesso por Identificadores Unívocos
Registos Bibliográficos associados ao registo de autoridade

Etiqueta de registo: 00656cam 2200217 450
001 2148212
003 http://id.bnportugal.gov.pt/bib/catbnp/2148212
100 ## $a20231107d2023 k y0pory01030103ba
101 0# $aeng$dpor
102 ## $aPT
105 ## $ay m 000yy
106 ## $ar
200 1# $aSleep across the life course$fMarta Azevedo Gonçalves$gorient. Henrique Barros, Ana Henriques
210 #9 $aPorto$c[s.n.],$d2023
215 ## $aIX, 79 p.$d30 cm
328 ## $aTese dout. Saúde Pública, Fac. Medicina, Univ. Porto, 2023
675 ## $a616.8-009.83(043)$vBN$zpor$31425774
675 ## $a612.82(043)$vBN$zpor$3337469
700 #1 $aGonçalves,$bMarta Azevedo$31151641
702 #1 $aBarros,$bHenrique,$f1957-$4727$3826318
702 #1 $96$aHenriques,$bAna$4727$31898343
801 #0 $aPT$bBN$gRPC
966 ## $lBN$mFGMON$sS.A. 186629 V.$x1
971 ## $cdpenetra$d20231107
972 ## $e0$z0$d20231114$vasantos
973 ## $cigoulao$d20231108

Etiqueta de registo: 00254nam 2200025 450
001 2282808
003 http://id.bnportugal.gov.pt/bib/catbnp/2282808
100 ## $a20260325d2025 k y0pory01030103ba
101 0# $aeng$dpor
102 ## $aPT
105 ## $aa m 000yy
106 ## $ar
200 1# $aSurviving a stroke$esocial and professional reintegration and effect on psychological health and quality of life$fJoana Isabel Ferreira Matos$gorient. Elisabete Cristina Macedo Alves, Ana Henriques
210 #9 $aPorto$c[s.n.],$d2025
215 ## $a138 p.$cil.$d30 cm
328 #1 $aTese dout. Saúde Pública, Faculdade de Medicina da Universidade do Porto, 2025
700 #1 $aMatos,$bJoana Isabel Ferreira$31993383
702 #1 $aAlves,$bElisabete Cristina Macedo$4727$31600452
702 #1 $96$aHenriques,$bAna$4727$31898343
801 #0 $aPT$bBN$gRPC
966 ## $lBN$mFGMON$x1
971 ## $cabrito$d20260325

OpendataBNP@bnportugal.pt | Mais informação sobre acesso aos dados BNP